00904nam a22002175i 450000100060000000300090000600500170001500700030003200800410003502000180007604000220009408000120011610000390012824502480016726000530041530000210046865000250048985200330051499900170054795201220056412239ES-MaACL20230906150253.0t|960130s1994 sp ||||0| spa j a84-604-9624-4 aM-BN bspa cM-BN a113/1191 aCuadrado Alvárez, Rafael.94189010aRealismo filosófico científico y aplicabilidad de la teoría de los órdenes dimensionales de aglomeración nuclear (O.D.A.N.) b: (quinto, sexto y séptimo desarrollos de mi concepción ontocosmológica) / cRafael Cuadrado Alvarez. aMadrid [Angel Larra, 4] : bR. Cuadrado, c1994. a290 p ; c24 cm.14aCosmología.911389 aES-MaACLjL-19564 bR.126017 c12239d12239 00104070aATENEOMbATENEOMcDEPO2d2008-01-17eSCl0oL-19564p1012471r2023-02-23 00:00:00w2023-02-23yMONOGRAFIA